Sports Quiz

Random Sports or Soccer Quiz

Champions League Goalscorers: Galatasaray Quiz Stats

 Plays Quiz not verified by Sporcle

Challenge
Share
Tweet
Embed
Score 0/50 Timer 10:00
0 Plays Today
Goals Player % Correct
22Hakan Şükür
96.6%
10Burak Yılmaz
93%
7Gheorghe Hagi
92.8%
3Didier Yves Drogba Tebily
91.7%
4Wesley Benjamin Sneijder
91%
9Mario Jardel Almeida Ribeiro
87.8%
12Arif Erdem
85.9%
9Ümit Karan
81.7%
6Hasan Gökhan Şaş
78.9%
4Umut Bulut
78.8%
2Lukas Josef Podolski
74.9%
1Emmanuel Eboue
74.6%
1Felipe Melo de Carvalho
74.6%
6Ümit Aydın Davala
74.1%
3*Selçuk İnan
72.2%
4Okan Buruk
71.7%
1Aurelien Bayard Chedjou Fongang
69.2%
1Junichi Inamoto
69%
1Bülent Korkmaz
68.3%
3Sasa Ilic
67.9%
1Aydın Yılmaz
66.9%
4Suat Kaya
66.4%
5Adrian Bucurel Ilie
65.5%
3Hakan Ünsal
65%
6Kubilay Türkyılmaz
63.4%
Goals Player % Correct
2Carlos Alberto de Oliveira Capone
62.4%
3Tugay Kerimoğlu
61%
2Sabri Sarıoğlu
60.9%
2Arda Turan
60.5%
1Hakan Kadir Balta
57.1%
2Ergün Penbe
56.9%
1Necati Ateş
55.8%
1Bilal Kısa
52.3%
1Hamit Altıntop
48.7%
1Sebastien Perez
48.3%
2Shabani Christophe Nonda
47.9%
2Ali Rıza Sergen Yalçın
43%
1Cesar Luis Prates
38.9%
1Mohamed Adama Sarr
38.2%
2Fatih Akyel
37.8%
1Andres Jose Fleurquin Rubio
37.7%
2Serkan Aykut
34.6%
1Radu Horia Niculescu
34.3%
2Cihan Haspolatlı
33.2%
1Bülent Akın
32.2%
1*Eren Derdiyok
28.6%
1*Garry Mendes Rodrigues
28.6%
1Fabio Pinto
26.8%
1Cihat Arslan
22.6%
2Saffet Sancaklı
19.9%

You're not logged in!

Compare scores with friends on all Sporcle quizzes.
Join for Free
OR
Log In

You Might Also Like...

Show Comments

Extras

Top Quizzes Today


Score Distribution

Your Account Isn't Verified!

In order to create a playlist on Sporcle, you need to verify the email address you used during registration. Go to your Sporcle Settings to finish the process.

Report this User

Report this user for behavior that violates our Community Guidelines.

Details: